000 00596nam a2200205 4500
999 _c7861
_d7861
003 BJBSDDR
005 20230404125938.0
007 ta
008 060907n1996 dr spa
020 _a9509517690
040 _bspa
_cBJBSDDR
041 _aspa
050 1 4 _aGV 1796
_bF385s 1996
100 1 _aFerrer, Horacio
245 1 3 _aEl siglo de oro del tango :
_bcompendio ilustrado de su historia /
_cHoracio Ferrer
260 _aBuenos Aires, Argentina :
_bEditorial Manrique Zago,
_c1996
300 _a215 p.
610 4 _aAcademia Nacional del Tango (Argentina)
942 _2lcc
_cBK